000 01181nam a2200325 i 4500
001 bg
003 KOSZ 005
005 20220527125841.0
008 990506s1984 pl f f |000 0 pol
015 _aPB 1984/5535
035 _a(OCoLC)830253444
040 _aWA N
_cKOSZ 005/HR
_dKOSZ 005/HR
041 0 _apol
080 _a159.9
080 _a316.6
080 _a(075.8)
100 1 _aDomachowski, Waldemar
_d(1948- ).
_eAutor
245 1 0 _aZ zagadnień psychologii społecznej :
_b[skrypt przeznaczony dla studentów psychologii, socjologii, pedagogiki i nauk pokrewnych] /
_cWaldemar Domachowski, Stanisław Kowalik, Jolanta Miluska.
260 _aWarszawa ;
_aŁódź :
_bPańst. Wydaw. Naukowe,
_c1984.
300 _a136, [3] s. ;
_c24 cm.
380 _aKsiążki.
504 _aBibliogr. przy rozdz.
658 _aPsychologia
655 4 _aPodręczniki akademickie
650 4 _aPsychologia społeczna
700 1 _aKowalik, Stanisław
_d(1947- ).
_eAutro
700 1 _aMiluska, Jolanta
_d(1951- )
_eAutor
856 _uhttp://koha.tu.koszalin.pl/cgi-bin/koha/opac-detail.pl?biblionumber=2084
_yKatalog online BPK
942 _2UKD
_cKS
999 _c2084
_d2084